000 00401nam a2200133Ia 4500
005 20260328101519.0
008 260328s9999||||xx |||||||||||||| ||und||
100 _aPérez de Arce, Rodrigo
245 0 _aLa montaña mágica :
_b El Cerro Santa Lucia y la Ciudad de Santiago /
_cRodrigo Pérez de Arce
260 _bUniversidad Católica de Chile
300 _a167 p.
650 _aURBANISMO
942 _cBK
999 _c9535
_d9535